000 00407nam a22001457a 4500
008 230301b |||||||| |||| 00| 0 eng d
020 _a978-0-753-55324-4
082 _a158
100 _aBJ Fogg
245 _aTiny Habits:
_bWhy starting small makes lasting change easy
260 _bVirgin Books,
_c2020
300 _a306 p.
_c19.7 cm
942 _2ddc
999 _c9400
_d9401